Rooms at the inn : front office operation and administration (Record no. 207933)

MARC details
000 -LEADER
fixed length control field 00477nam a2200157Ia 4500
008 - FIXED-LENGTH DATA ELEMENTS--GENERAL INFORMATION
fixed length control field 231221s9999 xx 000 0 und d
041 ## - LANGUAGE CODE
Language code of text/sound track or separate title English
082 ## - DEWEY DECIMAL CLASSIFICATION NUMBER
Classification number 647.94 FOS;1 R
100 ## - MAIN ENTRY--PERSONAL NAME
Personal name Foster, Dennis L
245 #0 - TITLE STATEMENT
Title Rooms at the inn : front office operation and administration
260 ## - PUBLICATION, DISTRIBUTION, ETC.
Date of publication, distribution, etc. 1991
Name of publisher, distributor, etc. Glencoe
Place of publication, distribution, etc. ILLINOIS
300 ## - PHYSICAL DESCRIPTION
Extent xvi+206
650 ## - SUBJECT ADDED ENTRY--TOPICAL TERM
Topical term or geographic name entry element Hotel management-Administration
650 ## - SUBJECT ADDED ENTRY--TOPICAL TERM
Topical term or geographic name entry element Rooms,at,inn,:,front,office,operation,administration
942 ## - ADDED ENTRY ELEMENTS (KOHA)
Koha item type Hotel Management Library
Holdings
Date last seen Total checkouts Full call number Accession number Cost, total (INR) price Price effective from Category Lost status Damaged status Department Withdrawn status Home library Current library Shelving location Entry date Vendor Cost, normal purchase price Grants Billnumber Billdate Currency symbol Conversion rate Discount Old discount
26/01/2024   647.94 FOS;1 R HM526 435.37 26/01/2024 Hotel Management Library     HEM   Central Library Central Library HM   Manjunatha Book Distributors 512.20 HM 326 21/06/2010 RS 1 76.83 15

© For any Suggestions or Query, please contact the library staff @ librarian@pes.edu or Phone: +9180 2672 1983/ 2108.